000 00331 a2200133 4500
005 20250627102019.0
020 _a0-15-507890-9
082 _aLM 512.1 ROM
100 _aROMAN, S.
245 _aCollege Algebra
260 _aSan Diego,
_bHarcourt Brace Jovanovich,
_c1987.
300 _axii,521p.: ill.;
_bIndex
_c24cm.
942 _2ddc
_cBKS
999 _c814
_d814